Πάουλα

Saved in:
Bibliographic Details
Main Author: Allende, Isabel
Format: Book
Language:Greek
Spanish
Published: Αθήνα : Ωκεανίδα, c1994.
Subjects:
Tags: Add Tag
No Tags, Be the first to tag this record!

MARC

LEADER 00000cam a2200000 a 4500
001 1/119923
008 190913s1994####gr | ||| |||| ||gre||
020 |a 9607213882 
040 |a GR-MyUa  |b gre  |c GR-MyUa  |e AACR2 
041 1 |a gre  |h spa 
082 7 |a 863   |2 (23) 
100 1 |a Allende, Isabel. 
245 1 0 |a Πάουλα /   |c Ιζαμπέλ Αλιέντε ; μετάφραση Κλαίτη Σωτηριάδου. 
260 |a Αθήνα :   |b Ωκεανίδα,   |c c1994. 
300 |a 447 σ. ;   |c 20 εκ.  
500 |a Τίτλος πρωτοτύπου: Paula. 
650 0 |a Chilean fiction. 
852 |a INST  |b SYROS  |e 20190913  |h 863 ALL  |p 005500013567  |q 005500013567  |t BK  |y 0 
920 |a Κωνσταντινίδη  |b Κατερίνα 
970 |a Κοντού  |b Παρασκευή  |z 13/09/2019